Wichi : nuestras tierras /
El desmonte en el Chaco salteño fue suspendido cautelarmente por la Corte Suprema. Un reclamo que los wichí, activamente organizados, llevaron adelante. Nos acercamos al pensamiento de este pueblo y a su forma de vida, íntimamente ligada a su territorio.
Guardado en:
| Autor Principal: | |
|---|---|
| Autor Corporativo: | |
| Formato: | |
| Publicado: |
Argentina,
2009
|
| Series: | Pueblos Originarios III
|
| Materias: | |
| Etiquetas: |
Agregar Etiqueta
Sin Etiquetas, Sea el primero en etiquetar este registro!
|
| LEADER | 01081ngm a22003015g 4500 | ||
|---|---|---|---|
| 001 | CEM.cems024023 | ||
| 008 | 130507s2009##################0###0#####d | ||
| 005 | 20250805201040.0 | ||
| 245 | 1 | 0 | |a Wichi : |b nuestras tierras / |c Julián Rousso. |
| 260 | |a Argentina, |c 2009 | ||
| 300 | |a 28'. | ||
| 490 | 0 | |a Pueblos Originarios III | |
| 500 | |a Consultar en ventanilla. | ||
| 538 | |a Soporte: DVD - Grabación DRD | ||
| 520 | |a El desmonte en el Chaco salteño fue suspendido cautelarmente por la Corte Suprema. Un reclamo que los wichí, activamente organizados, llevaron adelante. Nos acercamos al pensamiento de este pueblo y a su forma de vida, íntimamente ligada a su territorio. | ||
| 100 | 1 | |a Rousso, Julián | |
| 710 | 2 | |a Canal Encuentro. | |
| 082 | 3 | 0 | |/ ROU-3 |
| 653 | |a SOCIEDAD | ||
| 653 | |a PUEBLOS ORIGINARIOS | ||
| 653 | |a ABORIGENES | ||
| 653 | |a INDIGENAS | ||
| 653 | |a INDIGENISMO | ||
| 653 | |a ETNIAS | ||
| 653 | |a WICHIS | ||
| 653 | |a DESMONTE | ||
| 653 | |a SERIE DE TELEVISIÓN | ||
| 859 | |a CEMS |b BIB. CEMS - Depto. Recursos Didacticos |h 301 |i ROU-3 |k DRD |p 2666.16 |t Ej.1 | ||
